| 000 | 00914cam a2200349 4500 | ||
|---|---|---|---|
| 008 | 090401t1997 xxu||||| |||| 00| 0 eng d | ||
| 020 | _a0333649508 | ||
| 035 | _a(Sirsi) u51323 | ||
| 041 | _aeng | ||
| 050 | _a658.99 | ||
| 100 | _aHore, A.V. | ||
| 245 | _aConstruction 1. Management, finance, measurement. | ||
| 260 |
_aBasingstoke _bMacMillan _c1997 |
||
| 300 | _avii,192p. : ill. ; 25cm. | ||
| 350 | _a12.99 | ||
| 520 | _aCompanion vol. Construction 2 is shelved at 690. | ||
| 650 | _aBILLS OF QUANTITIES | ||
| 650 | _aCONSTRUCTION INDUSTRY | ||
| 650 | _aCOST PLANNING | ||
| 650 | _aFINANCE | ||
| 650 | _aFINANCIAL MANAGEMENT | ||
| 650 | _aMANAGEMENT | ||
| 650 |
_aMeasurement _96256 |
||
| 650 | _aPRICING | ||
| 650 | _aTENDERING | ||
| 690 | _aBUILT ENVIRONMENT | ||
| 700 | _aKehoe, J. | ||
| 700 | _aMcMullan, R. | ||
| 700 | _aPenton, M.R. | ||
| 942 | _n0 | ||
| 948 | _c04/03/1997 | ||
| 999 |
_c92868 _d92868 |
||